<?xml version="1.0" encoding="UTF-8"?><?xml-stylesheet type="text/xsl" href="static/style.xsl"?><OAI-PMH xmlns="http://www.openarchives.org/OAI/2.0/" xmlns:xsi="http://www.w3.org/2001/XMLSchema-instance" xsi:schemaLocation="http://www.openarchives.org/OAI/2.0/ http://www.openarchives.org/OAI/2.0/OAI-PMH.xsd"><responseDate>2026-06-04T02:01:56Z</responseDate><request verb="GetRecord" identifier="oai:riubu.ubu.es:10259/11768" metadataPrefix="marc">https://riubu.ubu.es/oai/request</request><GetRecord><record><header><identifier>oai:riubu.ubu.es:10259/11768</identifier><datestamp>2026-06-02T00:05:37Z</datestamp><setSpec>com_10259_3725</setSpec><setSpec>com_10259_5086</setSpec><setSpec>com_10259_2604</setSpec><setSpec>col_10259_3726</setSpec></header><metadata><record xmlns="http://www.loc.gov/MARC21/slim" xmlns:doc="http://www.lyncode.com/xoai" xmlns:xsi="http://www.w3.org/2001/XMLSchema-instance" xmlns:dcterms="http://purl.org/dc/terms/" xsi:schemaLocation="http://www.loc.gov/MARC21/slim http://www.loc.gov/standards/marcxml/schema/MARC21slim.xsd">
<leader>00925njm 22002777a 4500</leader>
<datafield tag="042" ind1=" " ind2=" ">
<subfield code="a">dc</subfield>
</datafield>
<datafield tag="720" ind1=" " ind2=" ">
<subfield code="a">Trigueros Ramos, Rubén</subfield>
<subfield code="e">author</subfield>
</datafield>
<datafield tag="720" ind1=" " ind2=" ">
<subfield code="a">González Bernal, Jerónimo</subfield>
<subfield code="e">author</subfield>
</datafield>
<datafield tag="720" ind1=" " ind2=" ">
<subfield code="a">González Bernal, Sergio</subfield>
<subfield code="e">author</subfield>
</datafield>
<datafield tag="720" ind1=" " ind2=" ">
<subfield code="a">Fuente Anuncibay, Raquel de la</subfield>
<subfield code="e">author</subfield>
</datafield>
<datafield tag="720" ind1=" " ind2=" ">
<subfield code="a">Aguilar-Parra, José M.</subfield>
<subfield code="e">author</subfield>
</datafield>
<datafield tag="260" ind1=" " ind2=" ">
<subfield code="c">2021-07</subfield>
</datafield>
<datafield tag="520" ind1=" " ind2=" ">
<subfield code="a">Introduction. In recent years, the rate of childhood obesity has been on the rise, currently standing at levels close to 20%. This means that one in five children is more likely to suffer from cardiovascular or metabolic diseases. Physical Education classes are therefore an ideal way to raise awareness among children and their families about healthy and balanced eating habits. Method. A total of 113 primary school students, aged 9–12 years, participated in the study. In order to analyze the data, a structural equation model (SEM) was used to analyze the influence between the variables. Results. The SEM results revealed that a controlling social context showed a negative prediction of psychological need satisfaction and a positive prediction of frustration. However, an autonomy supportive social context showed a negative prediction of psychological need satisfaction and a positive prediction of psychological need satisfaction. Frustration of psychological needs was negatively related to motivation, whereas satisfaction was positively related to motivation. In turn, motivation was positively related to each of the factors of the theory of planned behaviour. Finally, intention to follow a healthy diet was positively related to the Mediterranean diet. Discussion. These results revealed the importance of social context and physical education classes in the adoption of a balanced diet.</subfield>
</datafield>
<datafield tag="024" ind2=" " ind1="8">
<subfield code="a">https://hdl.handle.net/10259/11768</subfield>
</datafield>
<datafield tag="024" ind2=" " ind1="8">
<subfield code="a">10.3390/life11070678</subfield>
</datafield>
<datafield tag="024" ind2=" " ind1="8">
<subfield code="a">2075-1729</subfield>
</datafield>
<datafield ind1=" " ind2=" " tag="653">
<subfield code="a">Mediterranean diet</subfield>
</datafield>
<datafield ind1=" " ind2=" " tag="653">
<subfield code="a">School</subfield>
</datafield>
<datafield ind1=" " ind2=" " tag="653">
<subfield code="a">Self-determination</subfield>
</datafield>
<datafield ind1=" " ind2=" " tag="653">
<subfield code="a">Physical education</subfield>
</datafield>
<datafield ind1=" " ind2=" " tag="653">
<subfield code="a">Theory of planed behaviour</subfield>
</datafield>
<datafield tag="245" ind1="0" ind2="0">
<subfield code="a">Healthy and Balanced Nutrition for Children through Physical Education Classes</subfield>
</datafield>
</record></metadata></record></GetRecord></OAI-PMH>